<?xml version="1.0" encoding="UTF-8"?>
<record
    xmlns:xsi="http://www.w3.org/2001/XMLSchema-instance"
    xsi:schemaLocation="http://www.loc.gov/MARC21/slim http://www.loc.gov/standards/marcxml/schema/MARC21slim.xsd"
    xmlns="http://www.loc.gov/MARC21/slim">

  <leader>01881nam a2200265Ia 4500</leader>
  <controlfield tag="003">3228</controlfield>
  <controlfield tag="005">20250212102442.0</controlfield>
  <controlfield tag="008">210825s9999    xx            000 0 und d</controlfield>
  <datafield tag="020" ind1=" " ind2=" ">
    <subfield code="a">9781868 422623</subfield>
    <subfield code="q">Paperback</subfield>
  </datafield>
  <datafield tag="040" ind1=" " ind2=" ">
    <subfield code="a">RDA</subfield>
    <subfield code="b">English</subfield>
    <subfield code="c">3228</subfield>
  </datafield>
  <datafield tag="082" ind1=" " ind2=" ">
    <subfield code="a">320.968 FEIN</subfield>
  </datafield>
  <datafield tag="100" ind1=" " ind2=" ">
    <subfield code="a">Feinstein, Andrew </subfield>
    <subfield code="9">33902</subfield>
  </datafield>
  <datafield tag="245" ind1=" " ind2="0">
    <subfield code="a">After the Party:</subfield>
    <subfield code="b">a personal and political journey inside the ANC</subfield>
    <subfield code="c">Andrew Feinstein.</subfield>
  </datafield>
  <datafield tag="260" ind1=" " ind2=" ">
    <subfield code="a">Johannesburg :</subfield>
    <subfield code="b">Jonathan Ball,</subfield>
    <subfield code="c">2007.</subfield>
  </datafield>
  <datafield tag="300" ind1=" " ind2=" ">
    <subfield code="a">xiv, 287 pages</subfield>
    <subfield code="b">colour illustrations:</subfield>
    <subfield code="c">24 cm</subfield>
  </datafield>
  <datafield tag="504" ind1=" " ind2=" ">
    <subfield code="a">Includes bibliographical references (pages 279-208) and index.</subfield>
  </datafield>
  <datafield tag="520" ind1=" " ind2=" ">
    <subfield code="a">Summary: Andrew Feinstein became an active and ardent member of the ANC in the 1980s, and campaigned energetically for the party in the first democratic elections. He was elected to parliament and rose swiftly through the ranks, earning the label 'Mr Clean' for his unstinting work against graft and corruption. But his feelings of euphoria at being part of the new South Africa slowly soured. Initially disappointed by the constant jockeying for power and the denialist AIDS policy of President Thabo Mbeki, Feinstein's disillusionment grew as he sought unsuccessfully to investigate the corruption surrounding the Arms Deal. Isolated from his former comrades, Feinstein was forced to choose between his principles and the party he had so admired. This is his story.</subfield>
  </datafield>
  <datafield tag="521" ind1=" " ind2=" ">
    <subfield code="a">Adult</subfield>
  </datafield>
  <datafield tag="651" ind1=" " ind2=" ">
    <subfield code="a">South Africa</subfield>
    <subfield code="9">116385</subfield>
  </datafield>
  <datafield tag="654" ind1=" " ind2=" ">
    <subfield code="2">Feinstein, Andrew,&#x2014;1964-  African National Congress  Military weapons&#x2014;Purchasing  Political activists  Political corruption  Politics and government  South Africa  Biographies  Since 1994</subfield>
  </datafield>
  <datafield tag="655" ind1=" " ind2=" ">
    <subfield code="a"> Biographies  Biography.  Biographies.</subfield>
    <subfield code="9">191009</subfield>
  </datafield>
  <datafield tag="690" ind1=" " ind2=" ">
    <subfield code="2">180845271</subfield>
  </datafield>
  <datafield tag="700" ind1=" " ind2=" ">
    <subfield code="a">Frances Perryer, Etienne van Duyker, Cape Town, CTP Book Printers, Duminy Road, Parow, Cape</subfield>
    <subfield code="9">191010</subfield>
  </datafield>
  <datafield tag="942" ind1=" " ind2=" ">
    <subfield code="c">BOOK</subfield>
    <subfield code="2">ddc</subfield>
    <subfield code="y">12663</subfield>
    <subfield code="z">Priscilla Nozizwe Mogale</subfield>
  </datafield>
  <datafield tag="999" ind1=" " ind2=" ">
    <subfield code="c">502001</subfield>
    <subfield code="d">502000</subfield>
  </datafield>
  <datafield tag="952" ind1=" " ind2=" ">
    <subfield code="0">0</subfield>
    <subfield code="1">0</subfield>
    <subfield code="2">ddc</subfield>
    <subfield code="4">0</subfield>
    <subfield code="7">0</subfield>
    <subfield code="8">300</subfield>
    <subfield code="a">MKHUL</subfield>
    <subfield code="b">MKHUL</subfield>
    <subfield code="c">Non_Fiction</subfield>
    <subfield code="d">2024-11-20</subfield>
    <subfield code="g">180.00</subfield>
    <subfield code="o">320.968 FEIN</subfield>
    <subfield code="p">33228 022053894</subfield>
    <subfield code="r">2024-11-20</subfield>
    <subfield code="w">2024-11-20</subfield>
    <subfield code="y">BOOK</subfield>
  </datafield>
  <datafield tag="952" ind1=" " ind2=" ">
    <subfield code="0">0</subfield>
    <subfield code="1">0</subfield>
    <subfield code="2">ddc</subfield>
    <subfield code="4">0</subfield>
    <subfield code="7">0</subfield>
    <subfield code="8">300</subfield>
    <subfield code="a">MKHUL</subfield>
    <subfield code="b">MKHUL</subfield>
    <subfield code="c">Non_Fiction</subfield>
    <subfield code="d">2024-11-20</subfield>
    <subfield code="g">180.00</subfield>
    <subfield code="o">320.968 FEIN</subfield>
    <subfield code="p">33228 022950818</subfield>
    <subfield code="r">2024-11-20</subfield>
    <subfield code="w">2024-11-20</subfield>
    <subfield code="y">BOOK</subfield>
  </datafield>
  <datafield tag="952" ind1=" " ind2=" ">
    <subfield code="0">0</subfield>
    <subfield code="1">0</subfield>
    <subfield code="2">ddc</subfield>
    <subfield code="4">0</subfield>
    <subfield code="7">0</subfield>
    <subfield code="8">300</subfield>
    <subfield code="a">MKHUL</subfield>
    <subfield code="b">MKHUL</subfield>
    <subfield code="c">Non_Fiction</subfield>
    <subfield code="d">2024-11-20</subfield>
    <subfield code="g">747.00</subfield>
    <subfield code="o">320.968 FEIN</subfield>
    <subfield code="p">33228 022040677</subfield>
    <subfield code="r">2024-11-20</subfield>
    <subfield code="w">2024-11-20</subfield>
    <subfield code="y">BOOK</subfield>
  </datafield>
</record>
